So what do people really think of construction? (Record no. 78569)

MARC details
000 -LEADER
fixed length control field 01082cab a22001935a 4500
001 - CONTROL NUMBER
control field L137252
008 - FIXED-LENGTH DATA ELEMENTS--GENERAL INFORMATION
fixed length control field 070326e2007 xxk 000 0 eng d
035 ## - SYSTEM CONTROL NUMBER
System control number (Sirsi) u137252
041 0# - LANGUAGE CODE
Language code of text/sound track or separate title eng
100 1# - MAIN ENTRY--PERSONAL NAME
Personal name Mann, Will
245 00 - TITLE STATEMENT
Title So what do people really think of construction?
260 ## - PUBLICATION, DISTRIBUTION, ETC.
Date of publication, distribution, etc. 2007
490 ## - SERIES STATEMENT
Series statement Contract Journal
Volume/sequential designation (6616) 14 March 2007, 23-25(2)
520 ## - SUMMARY, ETC.
Summary, etc. Provides results from an NOP poll commissioned by "Contract Journal" on society's view of the construction industry. Reveals that contrary to expectation, the general public has a relatively positive view of the industry, with 86% believing that construction workers are hard working and a similar percentage thinking they make a valuable contribution to society. However, only 25% of respondents have worked or would work in the construction industry and 60% believe that construction does not adequately promote the benefits of working within the industry. Also includes industry reaction to the poll.
590 ## - LOCAL NOTE (RLIN)
Local note KA
651 #4 - SUBJECT ADDED ENTRY--GEOGRAPHIC NAME
Geographic name United Kingdom
Chronological subdivision
690 ## - LOCAL SUBJECT ADDED ENTRY--TOPICAL TERM (OCLC, RLIN)
Topical term or geographic name as entry element BUILT ENVIRONMENT
942 ## - ADDED ENTRY ELEMENTS (KOHA)
Suppress in OPAC 0
Holdings
Withdrawn status Lost status Source of classification or shelving scheme Damaged status Not for loan Home library Current library Shelving location Date acquired Total Checkouts Full call number Barcode Date last seen Copy number Price effective from Koha item type
    Dewey Decimal Classification     London London Journal article 26/03/2007   L137252 137252-1001 06/08/2019 1 06/08/2019 Journal article